000 00450nam a22001577a 4500
005 20251108164831.0
008 250721s9999 xx 000 0 ara d
082 1 4 _a616.462/علي
100 1 _aعلي، عزيزه عبد العزيز
245 1 0 _aمرض السكر :
_bأسبابه - أعراضه - مضاعفاته - علاجه /
264 _c[19-].
300 _a114ص
650 1 7 _aمرض السكر
942 _2ddc
_cBK
999 _c15443
_d15443